Datum a čas kvízu
34.5
Celkem bodů
Celkový počet nahraných bodů na tomto kvízu bez doplňovacích otázek.
5.
Pořadí na kvízu
Konečné umístění týmu na tomto kvízu.
Zaznamenané odpovědi
| # | Otázka | Odpověď | Body | Výsledky |
|---|---|---|---|---|
| 1. | Dvě krásné zahrady brněnských... | Tugendhat, Löw-Beer | 1 | |
| 2. | Expedice Tatra kolem světa, kt... | Írán | 1 | |
| 3. | Na začátku minulého týdne bylo... | Jaroslav Uhlíř | 1 | |
| 4. | Společnost RegioJet chystá pří... | Rijeka | 1 | |
| 5. | Hokejový útočník Vladimír Růži... | Hradec Králové | 0 | |
| 6. | Clint Eastwood oslavil posledn... | hrst, pár | 1 | |
| 7. | V souvislosti s Eastwoodem byc... | Sergio Leone, Ennio Morricone | 1 | |
| 8. | Který z těchto filmů Eastwood... | D | 0 | |
| 9. | Nechybělo mnoho a toto téma by... | C | 0 | |
| 10. | Jak se nazývá hudební projekt,... | Gorillaz | 1 |